Clubs to appear only once in Champions League - Statistics

General Stats
  • This quiz has been taken 19 times
  • The average score is 21 of 48
Answer Stats
Country Year Answer % Correct
England 2016-17 Leicester
95%
Finland 1998-99 HJK
79%
Kazakhstan 2015-16 Astana
68%
Italy 2019-20 Atalanta
68%
England 1995-96 Blackburn
68%
England 2000-01 Leeds
68%
Netherlands 2009-10 AZ Alkmaar
63%
Belgium 2015-16 Gent
63%
Spain 2012-13 Malaga
63%
France 2012-13 Montpellier
63%
Italy 1997-98 Parma
63%
Belgium 2009-10 Standard Liege
63%
Netherlands 2010-11 Twente
63%
Croatia 1994-95 Hajduk Split
58%
Germany 2018-19 Hoffenheim
58%
Azerbaijan 2017-18 Qarabag
58%
Sweden 1999-00 AIK Stockholm
53%
Denmark 1998-99 Brondby
53%
Switzerland 2018-19 Young Boys
53%
Austria 2013-14 Austria Wien
47%
Hungary 1995-96 Ferencvaros
47%
Norway 1999-00 Molde
47%
Switzerland 2009-10 Zurich
47%
Spain 2003-04 Celta Vigo
42%
Israel 2010-11 Hapoel Tel Aviv
42%
Denmark 2012-13 Nordsjaelland
42%
Italy 2005-06 Udinese
42%
Hungary 2009-10 Debreceni
37%
Germany 1998-99 Kaiserslautern
37%
Spain 2005-06 Real Betis
37%
Russia 2016-17 Rostov
37%
Turkey 2011-12 Trabzonspor
37%
Cyprus 2008-09 Anorthosis
32%
Turkey 2010-11 Bursaspor
32%
Bulgaria 2006-07 Levski Sofia
32%
Slovakia 2010-11 Zilina
26%
Germany 1999-00 Hertha Berlin
21%
Spain 2001-02 Mallorca
21%
Netherlands 1999-00 Willem II
21%
Netherlands 2000-01 Heerenveen
16%
Sweden 2000-01 Helsingborg
16%
Romania 2009-10 Unirea Urziceni
16%
Poland 1996-97 Widzew Lodz
16%
Slovakia 1997-98 Kosice
11%
Belgium 1997-98 Lierse
11%
Romania 2011-12 Otelul Galati
11%
Switzerland 2005-06 Thun
11%
Slovakia 2005-06 Petrzalka
5%
No matching quizzes found
Score Distribution
Percent of People with Each Score
Percentile by Number Answered
Your Score History
You have not taken this quiz